Me voici - Caroline Costa (Barbie et la popstar) paroles - Statistiques

Statistiques générales
  • Ce quiz a été pris 312 fois
    281 depuis la dernière actualisation
  • Le résultat moyen est 239 sur 287
Statistiques - réponses
Réponse % Correct
Je
99%
je
99%
Me
98%
me
98%
à
97%
a
97%
voici,
97%
de
96%
en
96%
ma
96%
pas
96%
pas,
96%
vie,
96%
vie
96%
ce
95%
Ce
95%
suis,
95%
suis
95%
là,
94%
94%
mes
94%
qui
94%
sa
93%
soir.
93%
soir,
93%
soir
93%
va !
93%
vis
93%
au
92%
j’avance
92%
sais
92%
bout
91%
des
91%
envies.
91%
vais
90%
y
87%
le
85%
encore
82%
encore !
82%
encore)
82%
ces
81%
remplie
81%
les
80%
ça
79%
et
78%
(et
78%
gens,
78%
j’étais
78%
jeune,
78%
Quand
78%
tout
78%
fun.
77%
un
76%
pensées.
75%
sur
75%
trop.
75%
yeux
75%
j’trouvais
74%
C’est
73%
c’est
73%
chose.
73%
grand
73%
il
73%
Il
73%
Mais
73%
mots,
73%
parlais
73%
présent,
73%
rêve
73%
rivés,
73%
comme
72%
bonheur
70%
tient
66%
notais
63%
d’espoirs,
60%
s’exauce,
59%
on
58%
mon
39%
sommet.
39%
trouver
39%
nous,
37%
une
37%
chacun
36%
chemin,
36%
destin.
36%
battus,
35%
car
35%
passer
33%
sentiers
33%
suffit
33%
veux
33%
chanter.
32%
parfaits,
32%
sortirais
32%
bien,
31%
innaperçue.
31%
star
31%
trouverai
31%
l’écoute,
30%
rester
30%
sons
30%
faut
28%
sentirais
28%
toujours
28%
plus
27%
loin,
25%
mèneront
23%
route
23%
j’m’y
20%
Aucun quiz correspondant
Distribution des résultats
% des personnes avec chaque résultat
Percentile par nombre de réponses
Votre historique - résultats
Vous n’avez pas pris ce quiz depuis la dernière actualisation